La morale de la colonisation. (Record no. 22752)

MARC details
000 -LEADER
fixed length control field 00576cam a22002171 4500
001 - CONTROL NUMBER
control field f 01002239
003 - CONTROL NUMBER IDENTIFIER
control field DLC
005 - DATE AND TIME OF LATEST TRANSACTION
control field 20260227111242.0
008 - FIXED-LENGTH DATA ELEMENTS--GENERAL INFORMATION
fixed length control field 830928s1900 be 000 0 fre
010 ## - LIBRARY OF CONGRESS CONTROL NUMBER
LC control number f 01002239
035 ## - SYSTEM CONTROL NUMBER
System control number (OCoLC)9957683
040 ## - CATALOGING SOURCE
Original cataloging agency DLC
Transcribing agency NcU
Modifying agency NcU
-- DLC
042 ## - AUTHENTICATION CODE
Authentication code premarc
050 00 - LIBRARY OF CONGRESS CALL NUMBER
Classification number JV2824
Item number .H4
100 1# - MAIN ENTRY--PERSONAL NAME
Personal name Haulleville, Alphonse de,
Dates associated with a name 1860-
245 13 - TITLE STATEMENT
Title La morale de la colonisation.
250 ## - EDITION STATEMENT
Edition statement 2. éd.
260 ## - PUBLICATION, DISTRIBUTION, ETC.
Place of publication, distribution, etc. Bruxelles [etc.]
Name of publisher, distributor, etc. J. Lebègue & cie. [etc.]
Date of publication, distribution, etc. 1900.
300 ## - PHYSICAL DESCRIPTION
Extent 44 p.
Dimensions 26 cm.
651 #0 - SUBJECT ADDED ENTRY--GEOGRAPHIC NAME
Geographic name Belgium
General subdivision Colonies.

No items available.

Powered by Koha